Statistics for Guess the Taylor Swift song with no hint 23

Click here to take the quiz!

General Stats

  • This quiz has been taken 858 times
  • The average score is 262 of 314

Answer Stats

Answer% Correct
I
100%
I?
100%
a
99%
you
99%
You
99%
the
98%
And
96%
and
96%
me
96%
in
95%
it
95%
your
95%
be
94%
love
94%
my
94%
do
93%
what
93%
You're
93%
where
92%
so
91%
I'm
90%
i'm
90%
it's
90%
all
89%
if
89%
If
89%
like
89%
of
89%
for
88%
know
88%
too
88%
was
88%
But
87%
but
87%
by
87%
don't
87%
that
87%
then
87%
head
86%
were
86%
should
85%
they
85%
with
85%
now
84%
Now
84%
this
84%
just
83%
us
83%
would
83%
could
82%
got
82%
I've
82%
tell
82%
Tell
82%
tolerate
79%
up
78%
or
77%
time
77%
watch
77%
sit
76%
best
75%
celebrated
75%
much
75%
out
75%
wait
75%
wrong
75%
door
74%
eyes
74%
kid
74%
shit
73%
somehow
73%
Use
73%
fancy
72%
life
72%
table
72%
colors
71%
everything
71%
made
71%
older
71%
portrait
71%
wiser
71%
low
70%
sky
70%
closed
69%
Lay
69%
over
69%
story
69%
leave
68%
man
68%
good
67%
reading
67%
temple
67%
Always
66%
footnotes
66%
Took
66%
Believe
65%
lose
65%
notice
65%
take
65%
begging
64%
mural
64%
removed
64%
space
64%
ruins
63%
taking
63%
dagger
62%
listen
62%
Where's
62%
wire?
62%
barbed
61%
breathing
61%
building
61%
other
61%
weight
61%
While
61%
blankets
60%
fine
60%
glisten
60%
polish
60%
until
60%
worlds
60%
free
59%
fun
59%
Gain
59%
greet
59%
plates
59%
gleam
58%
welcome
58%
assume
57%
battle
57%
Break
57%
byline
57%
hearts
56%
hero's
56%
Drawing
55%
throw
54%
who'd
53%
indiscretions
52%
wake
52%

Score Distribution

Percentile by Number Answered

Percent of People with Each Score

Your Score History

You have not taken this quiz